<?xml version="1.0" encoding="UTF-8"?>
<collection xmlns="http://www.loc.gov/MARC21/slim">
<record>
  <controlfield tag="001">3933</controlfield>
  <controlfield tag="005">20190128112653.0</controlfield>
  <datafield tag="024" ind1="7" ind2=" ">
    <subfield code="a">10.1109/EFTF.2018.8409034</subfield>
    <subfield code="2">DOI</subfield>
  </datafield>
  <datafield tag="037" ind1=" " ind2=" ">
    <subfield code="a">SCART-2019-0075</subfield>
  </datafield>
  <datafield tag="100" ind1=" " ind2=" ">
    <subfield code="a">Rovera, Daniele G.</subfield>
  </datafield>
  <datafield tag="245" ind1=" " ind2=" ">
    <subfield code="a">GNSS antenna multipath effects</subfield>
  </datafield>
  <datafield tag="260" ind1=" " ind2=" ">
    <subfield code="c">2018</subfield>
  </datafield>
  <datafield tag="520" ind1=" " ind2=" ">
    <subfield code="a">This paper is presenting results from experiments aiming at quantifying the multipath effects on GNSS antennas in some moderate and extreme implementation cases. In Observatoire de Paris (OP), the multipath due to a metallic plate nearby the GNSS antenna might generate a relative calibration offset reaching about 3 ns on P-code delays. But proper Common-View (CV) software is able to get rid of such offsets, reaching P3 CV deviation mean values below 100 ps. At the Royal Observatory of Belgium (ORB), with three different receiver types, different antenna positions are showing that P-code offsets might reach about 350 ps in P1 and 750 ps in P2, hence a significant bias in relative calibration results. The results are showing that a more extensive work is required before trying to fix an upper limit for the multipath uncertainties in the guidelines uncertainty budget for GNSS relative calibration.</subfield>
  </datafield>
  <datafield tag="594" ind1=" " ind2=" ">
    <subfield code="a">NO</subfield>
  </datafield>
  <datafield tag="653" ind1="1" ind2=" ">
    <subfield code="a">GNSS time transfer</subfield>
  </datafield>
  <datafield tag="653" ind1="1" ind2=" ">
    <subfield code="a">Multipath</subfield>
  </datafield>
  <datafield tag="653" ind1="1" ind2=" ">
    <subfield code="a">Uncertainty</subfield>
  </datafield>
  <datafield tag="700" ind1=" " ind2=" ">
    <subfield code="a">Abgrall, Michel</subfield>
  </datafield>
  <datafield tag="700" ind1=" " ind2=" ">
    <subfield code="a">Uhrich, Pierre</subfield>
  </datafield>
  <datafield tag="700" ind1=" " ind2=" ">
    <subfield code="a">Defraigne, Pascale</subfield>
  </datafield>
  <datafield tag="700" ind1=" " ind2=" ">
    <subfield code="a">Bertrand, Bruno</subfield>
  </datafield>
  <datafield tag="773" ind1=" " ind2=" ">
    <subfield code="p">2018 European Frequency and Time Forum (EFTF)</subfield>
    <subfield code="y">2018</subfield>
    <subfield code="c">208-212</subfield>
  </datafield>
  <datafield tag="856" ind1="0" ind2=" ">
    <subfield code="f">bruno.bertrand@observatoire.be</subfield>
  </datafield>
  <datafield tag="856" ind1="4" ind2="2">
    <subfield code="a">http://ieeexplore.ieee.org/stamp/stamp.jsp?tp=&amp;arnumber=8409034&amp;isnumber=8408980</subfield>
  </datafield>
  <datafield tag="905" ind1=" " ind2=" ">
    <subfield code="a">published in</subfield>
  </datafield>
  <datafield tag="980" ind1=" " ind2=" ">
    <subfield code="a">REFERD</subfield>
  </datafield>
</record>
</collection>